| 000 | 02759nam a2200361 i 4500 | ||
|---|---|---|---|
| 001 | 194131 | ||
| 003 | SpMaBN | ||
| 005 | 20250526063016.0 | ||
| 008 | 240226s2021 sp a | |||| 000 0 spa | ||
| 015 | _aMON21 | ||
| 017 |
_aB 15152-23021 _bOficina Depósito Legal Barcelona |
||
| 020 | _a9788401026102 | ||
| 040 |
_aSpMaBN _bspa _cSpMaBN _erda |
||
| 080 | _a32(460)"20" | ||
| 100 | 1 |
_aArias, Inocencio, _d1940- _922748 _eaut |
|
| 245 | 1 | 0 |
_aEsta España nuestra : _bmentiras, la nueva Guerra Fría y el tahúr de Moncloa / _cInocencio F. Arias ; ilustraciones de Ana A. Winogradow |
| 250 | _aPrimera edición: noviembre de 2021 | ||
| 264 | 1 |
_a[Barcelona] : _bPlaza & Janés, _c[2021] |
|
| 264 | 4 | _c©2021 | |
| 300 |
_a411 páginas : _bilustraciones (blanco y negro) ; _c23 cm |
||
| 336 |
_aTexto _aImagen fija _2rdacontent |
||
| 337 |
_asin mediación _2rdamedia |
||
| 338 |
_avolumen _2rdacarrier |
||
| 500 | _aÍndice onomástico | ||
| 520 | _aCuando «el inquilino de Moncloa» pregonó durante los peores momentos de la pandemia que tras esta «saldríamos mejores», no quiso ver la obviedad de lo que se avecinaba y probablemente minimizó a sabiendas el contraataque independentista de Cataluña tras el fracaso del procés, las luchas de poder con sus socios de gobierno encabezados por Pablo Iglesias, el menguante papel de España en el extranjero o el desastre económico actual que ha subido los niveles de corrupción y, sobre todo, de desempleo a límites estratosféricos. Que no cunda el pánico: Inocencio F. Arias vuelve para recordarnos, con lucidez e ironía, que Esta España nuestra está lejos de ser el país de luz y color que nos han vendido. La mentira es ya una seña de identidad. Pero no se queda ahí: además reflexiona, con su humor característico y sin tomar rehenes, sobre la unidad de España, la memoria histórica, los retos a los que se enfrenta la Monarquía, el auge y la posterior pérdida de credibilidad de Biden, la Ley del Embudo de Podemos, las consecuencias de encolerizar torpemente a Marruecos, la debilitada posición de la Iglesia en España o la responsabilidad del gobierno en nuestra cuarteada imagen en el exterior, entre otros muchos temas. Y hasta se atreve con un fascinante relato de política-ficción sobre qué hubiera sucedido si la República hubiera ganado la Guerra Civil. | ||
| 651 | 7 |
_aEspaña- _xPolítica y gobierno- _yS.XXI _9166701 |
|
| 700 |
_aWinogradow, Ana A _9235788 _eill |
||
| 852 |
_aES-MaACL _bR.155076 _cDEPOJ _jN-9873 _xEncuadernación rústica con solapas _hDonación: Editorial _9205800 |
||
| 942 |
_cMONOGRAFIA _n0 |
||
| 999 |
_c194131 _d194131 |
||